| Поле | Инд. | ПП | Название | Значение |
|---|---|---|---|---|
| Тип записи | a | |||
| Библиографический уровень | s | |||
| 001 | Контрольный номер | DU/628014307 | ||
| 005 | Дата корректировки | 20230516123305.2 | ||
| 008 | Кодируемые данные | 20191125 | ||
| 022 | 0_ | a | ISSN | 1726-6736 |
| 041 | a | Код языка текста | rus | |
| 084 | a | Индекс другой классификации/Индекс ББК | 74 | |
| 090 | a | Полочн. индекс | 95.2+74 | |
| 099 | a | Индекс | 72296 | |
| 245 | 10 | a | Заглавие | Университетская книга |
| n | Номер части/ раздела | №9/2019 | ||
| b | Продолж. заглавия | информационно-аналитический журнал | ||
| c | Ответственность | учредитель: "ИД Университетская книга"; гл. ред. Е. Бейлина | ||
| 260 | c | Дата издания | 2019 | |
| b | Издательство | Университетская книга | ||
| a | Место издания | Москва | ||
| 300 | a | Объем | 80 с. | |
| 500 | a | Примечание | Журнал | |
| a | Примечание | Тема номера: Книга и чтение в культурном коде человечества | ||
| 650 | 14 | a | Основная рубрика | образование |
| a | Основная рубрика | педагогика | ||
| 653 | 1_ | a | Ключевые слова | библиотеки вузов |
| a | Ключевые слова | библиотечное дело | ||
| a | Ключевые слова | библиотечные фонды | ||
| a | Ключевые слова | издательства | ||
| a | Ключевые слова | книгоиздание | ||
| a | Ключевые слова | книжный рынок | ||
| a | Ключевые слова | Россия | ||
| a | Ключевые слова | цифровая среда | ||
| a | Ключевые слова | электронно-библиотечные системы (ЭБС) | ||
| 773 | 08 | w | Контрольный № источника | 1f7557900ce34a9cad24e260b2bcf33b |
| 901 | t | Тип документа | s | |
| 952 | a | Тип литературы для КСУ ВШ | НЖ | |
| 991 | s | 6 |